Statistics for undertale au

Click here to take the quiz!

General Stats

  • This quiz has been taken 114 times
  • The average score is 8 of 15

Answer Stats

HintAnswer% Correct
i killed my brotherdusttale
87%
color! more color!inktale
84%
broskiunderfresh
83%
its raining tacosunderswap
83%
headdog?horrortale
82%
applesdreamtale
70%
die au!errortale
70%
stuck in save screenaftertale
67%
hoi!!!!!!!undertem
59%
normieundertale
51%
why so negativenegatale
40%
..i kill youreapertale
25%
tall....so tallgastertale
10%
edgy mc. my chemical romanceChristmas party
7%
a monster...monstermonstertale
5%

Score Distribution

Percentile by Number Answered

Percent of People with Each Score

Your Score History

You have not taken this quiz